000 01065nam a2200241 4500
001 114070
003 ES-MaACL
005 20230906190054.0
007 t|
008 061121s1942 sp r ||||1| spa d
100 1 _aNosti Nava, Jaime.
_986020
245 1 0 _aClimatología de los territorios españoles del Golfo de Guinea /
_cJaime Nosti Nava.
260 _aMadrid :
_bEspasa-Calpe,
_c1942.
300 _a67 p., XIII h. pleg. :
_bil., mapas ;
_c26 cm.
490 1 _aPublicación / Dirección de Agricultura de los Territorios Españoles del Golfo de Guinea ;
_v2
594 _aPrecede al tít.: Dirección General de Marruecos y Colonias.
651 4 _aGuinea Ecuatorial-
_xClima.
_9172155
710 1 _aEspaña.
_bDirección General de Marruecos y Colonias.
_93752
710 1 _aEspaña.
_bDirección de Agricultura de los Territorios Españoles del Golfo de Guinea.
_93692
830 1 _aPublicación / Dirección de Agricultura de los Territorios Españoles del Golfo de Guinea ;
_v2
_9185745
852 _aES-MaACL
_j1840-F-11
999 _c114070
_d114070